Konvesyen Kumpulan Inovatif & Kreatif ( KIK) Jabatan Kastam Diraja Malaysia ke 10 Tahun 2009. (Record no. 4595)

000 -LEADER
fixed length control field nam a22 a 4500
005 - DATE AND TIME OF LATEST TRANSACTION
control field 20170601143418.0
008 - FIXED-LENGTH DATA ELEMENTS--GENERAL INFORMATION
fixed length control field 170601s1999 my ||||| |||| 00| 0 may d
040 ## - CATALOGING SOURCE
Original cataloging agency AKMAL
082 ## - DEWEY DECIMAL CLASSIFICATION NUMBER
Classification number 352.448595 KON
090 ## - LOCALLY ASSIGNED LC-TYPE CALL NUMBER (OCLC); LOCAL CALL NUMBER (RLIN)
Classification number (OCLC) (R) ; Classification number, CALL (RLIN) (NR) 352.448595
Local cutter number (OCLC) ; Book number/undivided call number, CALL (RLIN) KON
245 10 - TITLE STATEMENT
Title Konvesyen Kumpulan Inovatif & Kreatif ( KIK) Jabatan Kastam Diraja Malaysia ke 10 Tahun 2009.
260 ## - PUBLICATION, DISTRIBUTION, ETC.
Place of publication, distribution, etc. Melaka:
Name of publisher, distributor, etc. Akademi Kastam Diraja Malaysia,
Date of publication, distribution, etc. 2009.
300 ## - PHYSICAL DESCRIPTION
Extent 244 mukasurat:
Other physical details il. wrn.
Dimensions 30 cm
500 ## - GENERAL NOTE
General note Laporan Projek:<br/>Meningkatkan Fasilitasi Rujukan Dokumentasi Perkastaman Bagi Pembelajaran Sepanjang Hayat.
650 10 - SUBJECT ADDED ENTRY--TOPICAL TERM
Topical term or geographic name entry element Technological innovations
9 (RLIN) 1037
650 20 - SUBJECT ADDED ENTRY--TOPICAL TERM
Topical term or geographic name entry element Creative thinking
9 (RLIN) 1035
710 2# - ADDED ENTRY--CORPORATE NAME
Corporate name or jurisdiction name as entry element Akademi Kastam Diraja Malaysia.
9 (RLIN) 5800
942 ## - ADDED ENTRY ELEMENTS (KOHA)
Source of classification or shelving scheme
Koha item type Book
950 ## - LOCAL HOLDINGS (RLIN)
Permanent shelving location, LOC (RLIN) AKMAL
Holdings
Withdrawn status Lost status Source of classification or shelving scheme Damaged status Not for loan Collection code Home library Current library Shelving location Date acquired Inventory number Total Checkouts Full call number Barcode Date last seen Price effective from Koha item type
          NON-FICTION AKMAL Melaka AKMAL Melaka PINJAMAN 01.06.2017 306028   352.448595 KON 201707303 01.06.2017 01.06.2017 Book
          NON-FICTION AKMAL Melaka AKMAL Melaka PINJAMAN 01.06.2017 306027   352.448595 KON 201707302 01.06.2017 01.06.2017 Book
Pusat Sumber Maklumat Dato' Haji Sarmin Md Hussin, Akademi Kastam Diraja Malaysia, Melaka
Tel: 06-2331106 | Faks: 06-2313787